Transporte, ciudad y cambio climático /

Obra interdisciplinaria donde se analiza la situación del transporte público en la Ciudad de México y su relación con la contaminación ambiental. Se revisan los retos y las posibles soluciones a la problemática desde las políticas públicas, el derecho y el urbanismo.

Guardat en:
Dades bibliogràfiques
Autor principal: Delgado-Ramos, Gian Carlo (coord.)
Format: Llibre
Idioma:espanyol
Publicat: México : UNAM, Centro de Investigaciones Interdisciplinarias en Ciencias y Humanidades, Programa de Investigación y Cambio Climático, 2012, c2012
Col·lecció:(Alternativas)
Matèries:
Etiquetes: Afegir etiqueta

MARC

LEADER 00000nam^a2200000^a^4500
001 000338761
005 20250521000000.0
009 20260310114407.097
020 |a 978-607-02-3373-9 
037 |a Acervo ITESO - Biblioteca 
041 |a ESP 
082 |a 388. 40972532  |b DEL 
100 |a Delgado-Ramos, Gian Carlo  |e (coord.) 
245 1 0 |a Transporte, ciudad y cambio climático /  |c Coord. de G.C. Delgado-Ramos. 
264 4 |a México :  |b UNAM, Centro de Investigaciones Interdisciplinarias en Ciencias y Humanidades, Programa de Investigación y Cambio Climático,  |c 2012, c2012 
300 |a 243 p. 
336 |a texto  |b txt  |2 rdacontenido 
337 |a sin mediación  |b n  |2 rdamedio 
338 |a volumen  |b nc  |2 rdasoporte 
440 1 |a (Alternativas) 
520 |a Obra interdisciplinaria donde se analiza la situación del transporte público en la Ciudad de México y su relación con la contaminación ambiental. Se revisan los retos y las posibles soluciones a la problemática desde las políticas públicas, el derecho y el urbanismo. 
649 |a XX 
650 |a Transporte Urbano -  |z México (Ciudad) -  |x Tema Principal 
650 |a Transporte Urbano -  |z México 
650 |a Contaminación Ambiental -  |z México (Ciudad) -  |x Tema Principal 
650 |a Contaminación Ambiental -  |z México 
650 |a Impacto Ambiental -  |z México (Ciudad) 
650 |a Impacto Ambiental -  |z México 
650 |a Conservación y Protección Ambiental -  |z México (Ciudad) 
650 |a Conservación y Protección Ambiental -  |z México 
650 |a Política Ambiental -  |z México (Ciudad) 
650 |a Política Ambiental -  |z México 
650 |a Política Urbana -  |z México (Ciudad) 
650 |a Política Urbana -  |z México 
650 |a Políticas Públicas -  |z México (Ciudad) 
650 |a Políticas Públicas -  |z México 
650 |a Derecho Urbano -  |z México (Ciudad) 
650 |a Derecho Urbano -  |z México 
650 |a Urbanismo 
650 |a Derecho 
650 |a Economía 
910 |a Fondo General 
920 |a Impresos - Libros 
930 |a Colección General 
905 |a 101 
901 |a 0500228591  |b IT1  |c ACC  |i C139675  |u 20250521 
902 |a https://opac.biblio.iteso.mx/vufind/Record/000338761